UBT Library

XXIII OLYMPIAD (Record no. 8885)

000 -LEADER
fixed length control field 00281nam a22001337a 4500
008 - FIXED-LENGTH DATA ELEMENTS--GENERAL INFORMATION
fixed length control field 170328b xxu||||| |||| 00| 0 eng d
020 ## - INTERNATIONAL STANDARD BOOK NUMBER
International Standard Book Number 1888383216
041 ## - LANGUAGE CODE
Language code of text/sound track or separate title eng
080 ## - UNIVERSAL DECIMAL CLASSIFICATION NUMBER
Universal Decimal Classification number 796.3
100 ## - Rafti
Rafti 8
101 ## - Shkurtesa
Shkurtesa SGHM
245 ## - TITLE STATEMENT
Title XXIII OLYMPIAD
Statement of responsibility, etc GALFORD, E
942 ## - ADDED ENTRY ELEMENTS (KOHA)
Source of classification or shelving scheme
Item type Books
Holdings
Withdrawn status Lost status Source of classification or shelving scheme Damaged status Not for loan Collection code Permanent location Current location Shelving location Date acquired Total Checkouts Full call number Barcode Date last seen Price effective from Koha item type
          Koleksioni i përgjithshem UBT - Lipjan UBT - Lipjan Koleksioni i përgjithshem 03/28/2017   796.3 GAL 002-034416 03/28/2017 03/28/2017 Books
UBT Library © 2015-2024. All rights reserved University Education for Business and Technology